The yellow wagtail /

Bibliographic Details
Main Author: Smith, Stuart G.
Format: Book
Language:English
Published: London : Collins, 1950.
Series:New naturalist monograph.
Subjects:

MARC

Tag First Indicator Second Indicator Subfields
LEADER 00000cam a2200000 4500
001 in00000042613
005 20151007074802.0
008 730221s1950 enkab b 00010 eng u
010 |a  50012900  
035 |a (OCoLC)00562214 
035 |9 AAF2091AM 
040 |c WSU  |d TXA  |d UtOrBLW 
049 |a TXAM  |c [193381] 
050 0 |a QL696.P2  |b S58 
092 |a 598.2  |b S661y 
100 1 |a Smith, Stuart G. 
245 1 4 |a The yellow wagtail /  |c with 26 paintings by Edward Bradbury, 11 black-and-white photos. taken by the author, 4 line drawings and 4 maps. 
264 1 |a London :  |b Collins,  |c 1950. 
300 |a xiv, 178 pages :  |b illustrations (part color) maps. ;  |c 21 cm. 
336 |a text  |b txt  |2 rdacontent 
337 |a unmediated  |b n  |2 rdamedia 
338 |a volume  |b nc  |2 rdacarrier 
490 1 |a New naturalist monograph 
504 |a Bibliography: pages [153]-173. 
650 0 |a Wagtails. 
830 0 |a New naturalist monograph. 
999 |a MARS 
999 f f |s 39d9fe2a-bede-3927-bce5-ba44d0f77b11  |i 548a767e-b32d-35e9-8cef-7f5a0f583177  |t 0 
952 f f |p ric  |a Texas A&M University  |b Rellis Campus  |c Joint Library Facility  |d Remote Storage  |t 0  |e QL696.P2 S58  |h Library of Congress classification  |i unmediated -- volume  |m A14801022361 
998 f f |a QL696.P2 S58  |t 0  |l Remote Storage